Представление документа в формате RUSMARC

ПолеНазваниеЗначение
  Тип записи c
  Библиографический уровень m
001 Контрольный номер RU/УОНБ/EK_N/359397835
005 Дата корректировки 20251125160328.2
010 Индекс ISBN __
9 Тираж 10000 экз.
013 Номер (ISMN) __
d Цена 80 к.
071 Издательские номер (звукозапись и ноты) 21
a Номер, присвоенный агентством 6916
100 Данные общей обработки __
a Данные общей обработки 20110522g1984 u y0rusy0189||||ca
101 Язык документа 0_
a Язык текста rus
f Язык титульного листа rus
102 Страна публикации __
a Страна публикации RU
105 Кодированные данные (монография) __
a Кодированные данные (монография) y###||||000|y
125 Кодированные данные звукозаписи и нотных изданий __
a Форма изложения нотного текста z|
128 Кодированные данные (звукозаписи-физические характеристики) __
a Кодированные данные: Музыкальная форма и тональность или лад zz
c Инструменты или голоса, рекомендуемые для солистов (устаревшее) tb||
200 Заглавие и сведения об ответственности 1_
a Заглавие Вып. 1
210 Выходные данные 1_
d Дата издания 1984
215 Физическое описание __
a Объем 51 c.
327 Примечание о содержании 11
a Примечание о содержании Содерж. : Щедрин Р. В подражание Альбенису. - Бабаджанян А. Каприччио. - Цинцадзе С. Токката. - Муравлев А. Думка. - Рехин И. Тема с вариациями / исполн. ред. А. Мартынова. - Дубовицкий В. Вариации на тему романса П. Булахова "Не пробуждай воспоминаний". - Максименко В. Этюд. - Чайковский П. Средь шумного бала : романс. - Рахманинов С. Прелюдия : соч. 23 № 5. - Бах И. С. Токката. - Монтойя К. Сапатеадо.
461 Уровень набора _0
1 001RU/УОНБ/EK_N/359396784
1 200
a Гитара в концертном зале
b [Ноты]
e шестиструн. гитара
f сост. В. Максименко
v Вып. 1
1 210
d 1984 -
464 Аналитический уровень _0
1 2001
a В подражание Альбенису
1 700 1
a Щедрин
b Р.
464 Аналитический уровень _0
1 2001
a Каприччио
1 700 1
a Бабаджанян
b А.
464 Аналитический уровень _0
1 2001
a Токката
1 700 1
a Цинцадзе
b С.
464 Аналитический уровень _0
1 2001
a Думка
1 700 1
a Муравлев
b А.
464 Аналитический уровень _0
1 2001
a Тема с вариациями
1 700 1
a Рехин
b И.
1 702 1
a Мартынов
b А.
4 340
464 Аналитический уровень _0
1 2001
a Вариации на тему романса П. Булахова "Не пробуждай воспоминаний"
1 700 1
a Дубовицкий
b В.
1 50010
a Не пробуждай воспоминаний
464 Аналитический уровень _0
1 2001
a Этюд
1 700 1
a Максименко
b В.
464 Аналитический уровень _0
1 2001
a Средь шумного бала
e романс
1 700 1
a Чайковский
b П.
464 Аналитический уровень _0
1 2001
a Прелюдия
e соч. 23 № 5
1 700 1
a Рахманинов
b С.
464 Аналитический уровень _0
1 2001
a Токката
1 700 1
a Бах
b И. С.
464 Аналитический уровень _0
1 2001
a Сапатеадо
1 700 1
a Монтойя
b К.
512 Заглавие обложки 1_
a Заглавие обложки Гитара в концертном зале
606 Тематические рубрики 0_
a Основная рубрика Гитара шестиструнная
x Основная подрубрика Концертные произведения
610 Ключевые слова 0_
a Ключевые слова гитара шестиструнная
610 Ключевые слова 0_
a Ключевые слова концертный репертуар
686 Индексы других классификаций __
a Классификационный индекс 85.956.41я43
2 Код системы rubbk
801 Источник записи _0
a Страна RU
b Организация Ульяновская ОНБ
c Дата составления 20110522
g Правила каталогизации RCR
801 Источник записи _1
a Страна RU
b Организация IS
c Дата составления 20110522
g Правила каталогизации RCR
901 Тип документа __
t Тип документа n
w Контрольный № источника RU/УОНБ/EK_N/359396784
909 Создатель записи __
a Создатель записи Никитина Т. А.
938 Служебная информация __
a Имя БД noti
b Имя библиотеки УОНБ
c Имя АИБС МАРК-SQL
d Номер DOC_ID в БД 8851